| 000 | 00458nam a2200181Ia 4500 | ||
|---|---|---|---|
| 003 | GCL | ||
| 008 | 140319s9999 xx 000 0 eng d | ||
| 020 | _a1 84195 206 0 | ||
| 040 |
_aGCL / _cGCL |
||
| 082 | 0 | 4 |
_a839 _bH H |
| 100 | 1 | _aHAMSUN ,KNUT | |
| 245 | 1 | 0 |
_aHUNGER / _cHAMSUN ,KNUT |
| 260 |
_aانجلترا : _bCANONGATE ، _c2001 |
||
| 300 |
_a201 P ؛ _c19 cm. |
||
| 650 | 0 | 4 | _aNORWEGIAN LITERATURE |
| 650 | 0 | 4 | _aNORWEGIAN FICTION |
| 942 |
_2ddc _cBK |
||
| 999 |
_c3091 _d3091 |
||